MDQL
is popping MORE tags! Check the
thread
!
Quizzes
Events
Quiz Creation
Community
Videos
Private Events
Remove Ads
Sign In
Join for FREE
Feedback
Dark Mode
Quiz Categories
Sports
Geography
Music
Movies
Television
Just For Fun
Miscellaneous
History
Literature
Language
Science
Gaming
Entertainment
Religion
Holiday
For Kids
Quiz Lab
Recent
Popular Today
Quiz Kudos Today
Editor Picks
Curator Picks
Quizzes by...
Day
Popularity
Type
Ratings
Length
Year
Community
Subscriptions
Recent Discussions
Orange Saloon
Badges
Playlists
Quests
Create
Leaderboards
Showdown
Live 5
Trivia Bingo
Activity
Puzzle Library
Sporcle Events
Private Events
Virtual Trivia
Globe League
Become a Host
Pub Owners
SporcleCon
Opinionation
Our Games
Videos
Blog
Mobile Apps
Partnerships
Remove Ads and Go Orange
Feedback
Sports
Athletes
MLB
NBA
NHL
NFL
Soccer
Sports Teams
WWE
NCAA
Football
Premier League
Basketball
Baseball
Hockey
Golf
Tennis
Cricket
Rugby
Auto Racing
Olympics
World Cup
Sports
Athletes
MLB
NBA
NHL
NFL
Soccer
Sports Teams
WWE
NCAA
Football
Premier League
Basketball
Baseball
Hockey
Golf
Tennis
Cricket
Rugby
Auto Racing
Olympics
World Cup
Random Quiz
Search Sporcle
×
Quiz Lab
Quiz Lab
Sports
Book
Type in answers that appear in a list
Type in answers that appear in a list
Classic
Best Score? Go Orange.
The Book of Basketball Pyramid Stats
Can you name the players that Bill Simmons placed in the Book of Basketball Pyramid?
By
ml35
12m
96 Questions
480 Plays
480 Plays
480 Plays
Comments
Comments
Give Quiz Kudos
Give Quiz Kudos
-
- Ratings
hide this ad
Replay
Link that replays current quiz
Next Quiz
Link to next quiz in quiz playlist
You Got
0%
They Got
Avg Score
71%
Avg Friend Score
Upgrade to see
Score Distribution
Jump to the score distribution portion of the page
Score
0/96
Timer
12:00
0
Plays Today
Years
Players
% Correct
1979-
1991,1996
Magic Johnson
97.3%
1956-
1969
Bill Russell
96.9%
1979-
1992
Larry Bird
96.9%
1992-
Present
Shaquille O'Neal
96.7%
1984-
1993,1995-
1998, 2001-
2003
Michael Jordan
96.5%
1969-
1989
Kareem Abdul-Jabbar
96.5%
1976-
1990
Dennis Johnson
96.3%
1959-
1973
Wilt Chamberlain
95.8%
1997-
Present
Tim Duncan
95%
1996-
Present
Kobe Bryant
94.6%
1985-
2004
Karl Malone
94.2%
1960-
1974
Jerry West
94%
1987-
2000
Kevin Johnson
94%
1974-
1995
Moses Malone
93.8%
1971-
1987
Julius Erving
92.5%
1960-
1974
Oscar Robertson
92.3%
1995-
Present
Kevin Garnett
91.7%
1984-
2002
Hakeem Olajuwon
91.5%
2003-
Present
Lebron James
90.8%
2003-
Present
Dwayne Wade
90.8%
1984-
2003
John Stockton
90.4%
1987-
2004
Scottie Pippen
90%
1996-
Present
Steve Nash
89.4%
1996-
2010
Allen Iverson
89.2%
1981-
1994
Isiah Thomas
89%
1998-
Present
Dirk Nowitzki
88.8%
1984-
2000
Charles Barkley
88.5%
1998-
Present
Paul Pierce
87.7%
1989-
2003
David Robinson
87.5%
1962-
1978
John Havlicek
87.3%
1994-
Present
Jason Kidd
87.1%
1985-
2002
Patrick Ewing
86.3%
Years
Players
% Correct
1980-
1993
Kevin Mchale
86%
1950-
1963
Bob Cousy
85.8%
1996-
Present
Ray Allen
84.8%
1983-
1998
Clyde Drexler
84.4%
1958-
1972
Elgin Baylor
83.8%
1990-
2007
Gary Payton
83.3%
1974-
1987
Bill Walton
82.9%
1987-
2005
Reggie Miller
82.5%
1972-
1986
George Gervin
82.1%
1948-
1956
George Mikan
80.4%
1982-
1999
Dominique Wilkins
80.4%
1982-
1994
James Worthy
80.2%
2004-
Present
Dwight Howard
78.8%
1998-
Present
Vince Carter
78.8%
1986-
2000
Dennis Rodman
78.1%
1964-
1974
Willis Reed
77.9%
1976-
1997
Robert Parish
77.7%
1967-
1980
Walt Frazier
77.5%
1954-
1965
Bob Pettit
76.9%
1985-
1999
Joe Dumars
75.4%
1957-
1969
Sam Jones
75.2%
2005-
Present
Chris Paul
75.2%
1965-
1967, 1968-
1980
Rick Barry
75%
1997-
Present
Tracy Mcgrady
73.3%
1993-
2008
Chris Webber
70.2%
1968-
1981
Wes Unseld
69.6%
1989-
2003
Shawn Kemp
68.8%
1968-
1984
Elvin Hayes
65.6%
1970-
1980
Pete Maravich
64.8%
1970-
1980, 1982-
1983
Dave Cowens
64.6%
1985-
2001
Chris Mullin
63.5%
1976-
1991
Alex English
63.3%
Years
Players
% Correct
1992-
2008
Robert Horry
63.3%
1972-
1986
Bob McAdoo
61.9%
1977-
1993
Bernard King
59.4%
1970-
1984
Nate Archibald
59.4%
1967-
1980
Earl Monroe
57.1%
1949-
1964
Dolph Schayes
55.4%
1976-
1991
Adrian Dantley
55%
1962-
1974
Dave Debusschere
54.4%
1956-
1965
Tommy Heinsohn
54.2%
1960-
1975
Lenny Wilkens
52.1%
1963-
1977
Nate Thurmond
51.3%
1981-
1998
Tom Chambers
48.5%
1975-
1984
David Thompson
48.1%
1995-
2003
Arvydas Sabonis
47.5%
1958-
1973
Hal Greer
47.3%
1969-
1981
Jo Jo White
47.1%
1966-
1978
Dave Bing
46.3%
1950-
1962
Paul Arizin
45.6%
1970-
1984
Bob Lanier
45.6%
1965-
1976
Billy Cunningham
45.2%
1971-
1988
Artis Gilmore
44.4%
1979-
1991
Sidney Moncrief
44.2%
1963-
1974
Jerry Lucas
43.3%
1965-
1979
Gail Goodrich
41.3%
1950-
1961
Bill Sharman
41%
1970-
1985
Dan Issel
40.4%
1967-
1976
Connie Hawkins
35.6%
1955-
1966
Jack Twyman
32.1%
1972-
1984
Paul Westphal
31.3%
1969-
1982
Bobby Dandridge
30.2%
1956-
1970
Cliff Hagan
27.3%
1959-
1971
Bailey Howell
22.7%
Quiz Playlist
Details
Report
Send in Message
Add To Playlist
Classic:
Type in answers that appear in a list
Last Updated: Feb 16, 2017
Quiz Scoreboard
CHALLENGE
Sign Up to Join the Scoreboard
Show All
Scores
Hide
Comments
May contain spoilers
Recently Published
1-10 Letter E Words III
by El_Dandy
Language
2m
Street Fighter Characters
by Artimus82
Gaming
60s
College Basketball Coaching Resumes
by pancakes188
Sports
9m
More to Explore
Quiz From the Vault
Featured Blog Post
Where Did the Easter Bunny Come From?
hide this ad
You Might Also Like...
Tags
Basketball Quiz
Book Quiz
bill
Bill Simmons
Placed
Player
Pyramid
simmon
Today's Top Quizzes in Sports
Browse Sports
hide this ad
Today's Top Quizzes in Book
Browse Book
Top Contributed Quizzes in Sports
1
2022 World Cup Stars
2
Les meilleurs buteurs des matchs entre le PSG et l’OM
3
FIFA Club World Cup Champions
4
Les entraîneurs de l'OM et du PSG au 21e siècle
5
Criteria MLB: Left Handed Sluggers
6
2023 MLB Unique Player Accomplishments
7
AFC Teams Reveal (Wrong Answers Minefield)
8
Players with Multiple 50 Home Run Seasons
9
5-to-1: FBS Animal Nicknames
10
5-to-1: UK Sports Teams
Explore More
Trending Topics
Crossword
Marvel
Harry Potter
Disney
Anime
NBA
Kpop
NFL
Soccer
Song
Country
Pokémon
WWE
The Office
Puzzle
hide this ad
More By:
ml35
Quiz
Plays
Rating
Category
Featured
Created
The Book of Basketball Pyramid
480
3.33
Sports
Jan 15, 2011
First Team All-NBA Players
299
5.00
Sports
Jan 16, 2011
Jersey Shore Quotes
286
4.00
Television
Feb 6, 2011
Rick Reilly's Athlete drinks
47
Sports
Jan 17, 2011
Go to Creator's Profile
Score Distribution
Quiz Creator Spotlight
ml35
Follow
Send a Message
Quizzes Created
-
Created Quiz Play Count
-
More By This Creator
Popular Quizzes Today
1
Find the US States - No Outlines Minefield
2
Find the Countries of Europe - No Outlines Minefield
3
Find the US States
4
The Countries of the World
5
Risky Map Clicking: Biggest States A-Z
6
US States
7
Popular People in 1961
8
Movies - When Are They Set?
More Sports Quizzes
Every WWE Championship Match: 1998-1999
Quiz Lab
Trending Quizzes
Risky Map Clicking: Least Populous States A-Z
1-10 Letter G Words
Countries of the World: 200 Million BC
1-10 Letter F Words
Risky Map Clicking: Next State Alphabetically
Recently Updated
Rides in Walt Disney World
pecheneg
Most Oscar Losses (Acting)
pecheneg
Beyoncé Albums
pecheneg
Leaping Animals
pecheneg
Reality TV Shows (A-Z)
bhenderson79
Rickey Henderson's Hall of Fame Teammates
pecheneg
Champions League XIs: Arsenal
pecheneg
Quick Pick: Celebrities in WWE's Hall of Fame
aduchscher
A-Z Keypad Blitz II
pecheneg
Trending Topics
Harry Potter
Kpop
Anime
NBA
Marvel
Crossword
Disney
WWE
Puzzle
The Office
Pokémon
NFL
Country
Soccer
Song
Your Account Isn't Verified!
In order to create a playlist on Sporcle, you need to verify the email address you used during registration. Go to your
Sporcle Settings
to finish the process.
Report this User
Report this user for behavior that violates our
Community Guidelines
.
Details:
Send Report
Go to the Sporcle.com Mobile Site →
Comments